Statistics for Chicago Cubs Nicknames

Click here to take the quiz!

General Stats

  • This quiz has been taken 1,359 times
    (436 since last reset)
  • The average score is 9 of 13

Answer Stats

TenureNicknamePlayer% Correct
1992–2004Slammin' SammySammy Sosa
98%
2015–2021KBKris Bryant
91%
2015–2020SchwarbsKyle Schwarber:
91%
1953–1971Mr. CubErnie Banks
86%
2016–J-HeyJason Heyward
86%
2014–2021El MagoJavier Báez
81%
1982–1997RynoRyne Sandberg
81%
2016–2019ZorillaBen Zobrist
65%
1988–2000GracieMark Grace
65%
2001–2011Big Z / El ToroCarlos Zambrano
53%
1938–1941DizzyDizzy Dean
50%
1904–1912Three FingerMordecai Brown
50%
1987–1992The HawkAndre Dawson
49%

Score Distribution

Percentile by Number Answered

Percent of People with Each Score

Your Score History

You have not taken this quiz since the last reset